000 00421nam a2200205Ia 4500
001 13419
003 GE_BSU
008 181216s||||||||xx |||||||||||||| ||und||
020 _a9780141311388
040 _cGE_BSU
080 _a82-93
100 _aDahl,Roald
245 4 _aThe Twits
260 _aLondon
260 _bPuffin Books
260 _c1980
300 _a88p.ill.20cm.
653 _aThe Twits
942 _cBK
999 _c46580
_d46580